000 00544nam a2200157Ia 4500
008 100122s9999 xx 000 0 und d
082 _b27398
_a822
100 _aखानोलकर चिं त्र्यं
245 _aसंगीत अभोगी (वा.क.क्र.1/3)
250 _a0
260 _bअमेय प्रकाशन
_c1976
300 _a73
630 _aसंगीत अभोगी (वा.क.क्र.1/3)
730 _aसंगीत अभोगी (वा.क.क्र.1/3)
942 _cBOOK
999 _c413456
_d413453